Thực trạng sử dụng phương pháp dạy học trong môn Lí luận dạy học ở Trường Đại học Sư phạm Kĩ thuật Thành phố Hồ Chí Minh /
Tallennettuna:
| Päätekijä: | |
|---|---|
| Aineistotyyppi: | Artikkeli |
| Kieli: | Vietnamese |
| Aiheet: | |
| Tagit: |
Lisää tagi
Ei tageja, Lisää ensimmäinen tagi!
|
| Thư viện lưu trữ: | Thư viện Trường Đại học Đà Lạt |
|---|
| LEADER | 00946nam a2200253 4500 | ||
|---|---|---|---|
| 001 | DLU170180263 | ||
| 005 | ##20170703 | ||
| 040 | # | # | |a DLU |b vie |
| 041 | # | # | |a vie |
| 044 | # | # | |a vn |
| 100 | # | # | |a Diệp Phương Chi. |
| 245 | # | # | |a Thực trạng sử dụng phương pháp dạy học trong môn Lí luận dạy học ở Trường Đại học Sư phạm Kĩ thuật Thành phố Hồ Chí Minh / |c Diệp Phương Chi. |
| 653 | # | # | |a Dạy học tích cực |
| 653 | # | # | |a Lí luận dạy học |
| 653 | # | # | |a Phương pháp giảng dạy |
| 773 | # | # | |t Tạp chí Khoa học Đại học Sư phạm TP. Hồ Chí Minh: Khoa học giáo dục |g Số 08(74) 2015, tr. 190-197 |
| 920 | # | # | |a Phòng Tạp chí -- Trung tâm Thông tin - Thư viện Trường Đại học Đà Lạt |
| 900 | # | # | |a True |
| 911 | # | # | |a Nguyễn Thị Thu Phương |
| 925 | # | # | |a G |
| 926 | # | # | |a A |
| 927 | # | # | |a BB |
| 980 | # | # | |a Thư viện Trường Đại học Đà Lạt |